Zákonník práce s komentárom a judikatúrou platný od 1. septembra 2011
Guardado en:
| Formato: | Libro |
|---|---|
| Lenguaje: | eslovaco |
| Publicado: |
Bratislava
Nová práca
2011
|
| Materias: | |
| Etiquetas: |
Sin Etiquetas, Sea el primero en etiquetar este registro!
|
MARC
| LEADER | 00000nam a2200000 4500 | ||
|---|---|---|---|
| 001 | 0141402 | ||
| 005 | 20240318121128.8 | ||
| 020 | |a 978-80-89350-29-2 | ||
| 041 | 0 | |a slo | |
| 044 | |a SK | ||
| 245 | 1 | 0 | |a Zákonník práce s komentárom a judikatúrou |b platný od 1. septembra 2011 |
| 264 | 1 | |a Bratislava |b Nová práca |c 2011 | |
| 300 | |a 288 s. | ||
| 610 | 2 | 0 | |a predpisy pracovnoprávne |
| 610 | 2 | 0 | |a zamestnávatelia |
| 610 | 2 | 0 | |a zamestnanci |
| 610 | 2 | 0 | |a vzťahy pracovnoprávne |
| 610 | 2 | 0 | |a právo pracovné |
| 610 | 2 | 0 | |a zákonník práce |
| 610 | 2 | 0 | |a Slovensko |